|
|
|
|
| LEADER |
00000nam0a2200000 4500 |
| 001 |
74326 |
| 005 |
20231031085201.0 |
| 035 |
|
|
|a (RuTPU)RU\TPU\book\79265
|
| 090 |
|
|
|a 74326
|
| 100 |
|
|
|a 20050302d1967 k y0rusy50 ca
|
| 101 |
1 |
|
|a rus
|c slx
|
| 102 |
|
|
|a RU
|
| 105 |
|
|
|a a z 001zy
|
| 200 |
1 |
|
|a Полипропилен
|e перевод со словацкого
|f И. Амброж [и др.]
|g под ред. В. И. Пилиповского, И. К. Ярцева
|
| 210 |
|
|
|a Ленинград
|c Химия
|d 1967
|
| 215 |
|
|
|a 316 с.
|c ил.
|
| 300 |
|
|
|a Доп. тит. лист на словацком языке
|
| 300 |
|
|
|a Авт. указаны на обороте тит. листа
|
| 320 |
|
|
|a Библиогр. в конце гл.
|
| 610 |
1 |
|
|a полипропилен
|
| 610 |
1 |
|
|a производство
|
| 610 |
1 |
|
|a полимеризация
|
| 610 |
1 |
|
|a структура
|
| 610 |
1 |
|
|a свойства
|
| 610 |
1 |
|
|a химические реакции
|
| 610 |
1 |
|
|a старение
|
| 610 |
1 |
|
|a стабилизация
|
| 610 |
1 |
|
|a переработка
|
| 610 |
1 |
|
|a получение
|
| 610 |
1 |
|
|a применение
|
| 675 |
|
|
|a 679.56.742
|v 3
|
| 701 |
|
1 |
|a Амброж
|b И.
|
| 701 |
|
1 |
|a Беллуш
|b Д.
|
| 701 |
|
1 |
|a Амброж
|b Л.
|
| 702 |
|
1 |
|a Пилиповский
|b В. И.
|g Владимир Иосифович
|4 340
|
| 702 |
|
1 |
|a Ярцев
|b И. К.
|g Игорь Кузьмич
|4 340
|
| 801 |
|
1 |
|a RU
|b 63413507
|c 20050302
|g PSBO
|
| 801 |
|
2 |
|a RU
|b 63413507
|c 20160620
|g PSBO
|
| 942 |
|
|
|c BK
|